000 00603nam a2200241Ia 4500
003 OSt
005 20221007111639.0
006 a|||||r|||| 00| 0
007 ta
008 221006b |||||||| |||| 00| 0 eng d
024 _a23,990
037 _cTextual
040 _aLCO
_cLCO
_beng
041 _2eng
_aeng
082 _aZ2,91, K5
100 _aMahajan V.D
245 0 _aPrinciples of Jurisprudence
260 _aLucknow
_bEastern Book Co. India
_c1965
300 _a409
650 _aJURISPRUDENCE
942 _hZ2,91, K5
_cTEXL
999 _c1193553
_d1193553